| 000 | 00648nam a2200229Ia 4500 | ||
|---|---|---|---|
| 003 | OSt | ||
| 005 | 20220926042637.0 | ||
| 006 | a|||||r|||| 00| 0 | ||
| 007 | ta | ||
| 008 | 220923b |||||||| |||| 00| 0 eng d | ||
| 037 | _cGeneral Book | ||
| 040 |
_aRTL _cRTL _beng |
||
| 041 |
_2eng _aeng |
||
| 082 | _aD6,78, K3 | ||
| 100 |
_aBrozen Yale _9319924 |
||
| 245 | 0 |
_aAutomation _b Impact of technological change. |
|
| 260 | _c1963 | ||
| 500 | _aAmerican Enterprise Institute for Public policy research publication. | ||
| 650 |
_aEngineering _92968 |
||
| 942 |
_hD6,78, K3 _cGB _2CC |
||
| 999 |
_c670270 _d670270 |
||